Corporate And Compensation Laws (Record no. 329941)
[ view plain ]
| 000 -LEADER | |
|---|---|
| fixed length control field | 00469nam a2200169Ia 4500 |
| 008 - FIXED-LENGTH DATA ELEMENTS--GENERAL INFORMATION | |
| fixed length control field | 230718s9999 xx 000 0 und d |
| 020 ## - INTERNATIONAL STANDARD BOOK NUMBER | |
| International Standard Book Number | 9788120344839 |
| 041 ## - LANGUAGE CODE | |
| Language code of text/sound track or separate title | eng |
| 082 ## - DEWEY DECIMAL CLASSIFICATION NUMBER | |
| Classification number | 344.73'021 |
| Item number | BHA |
| 100 ## - MAIN ENTRY--PERSONAL NAME | |
| Personal name | Bhatia N. |
| 9 (RLIN) | 193214 |
| 245 ## - TITLE STATEMENT | |
| Title | Corporate And Compensation Laws |
| 260 ## - PUBLICATION, DISTRIBUTION, ETC. (IMPRINT) | |
| Date of publication, distribution, etc. | 2012 |
| Name of publisher, distributor, etc. | PHI Learning |
| 300 ## - PHYSICAL DESCRIPTION | |
| Extent | 379 |
| 365 ## - TRADE PRICE | |
| Currency code | Rs. |
| Price amount | 350.00 |
| 700 ## - ADDED ENTRY--PERSONAL NAME | |
| Personal name | Bhatia N. & Jyotsna S. |
| 9 (RLIN) | 193215 |
| 906 ## - LOCAL DATA ELEMENT F, LDF (RLIN) | |
| d | O:0260914-Feb-2012B:1064914-Jan-2012 |
| c | ETC |
| b | 87.5 |
| Withdrawn status | Lost status | Damaged status | Not for loan | Home library | Current library | Date acquired | Vendor | Budget Code | Cost, normal purchase price | Bill number | Total Checkouts | Full call number | Barcode | Date last seen | Discount | Cost, replacement price | Bill Date | Koha item type | Original Barcode |
|---|---|---|---|---|---|---|---|---|---|---|---|---|---|---|---|---|---|---|---|
| Cummins College of Engineering for Women Pune | Cummins College of Engineering for Women Pune | 23/02/2012 | Technical Book Services | ETC | 262.50 | 10649 | 344.73'021 | CCEP-BK-41148 | 18/07/2023 | 87.5 | 350.00 | 14/01/2012 | Books | 041148 |